MARC

LEADER 00000nam0a2200000 4500
001 283390
005 20231101235606.0
035 |a (RuTPU)RU\TPU\book\307457 
090 |a 283390 
100 |a 20150206d1984 m y0rusy50 ca 
101 1 |a rus  |c vie 
102 |a RU 
105 |a a z 000zy 
200 1 |a Вьетнам: страна и люди  |e пер. с вьет.  |f под ред. Е. П. Глазунова 
210 |a Москва  |c Прогресс  |d 1984 
215 |a 294 с.  |c ил. 
606 1 |a Вьетнам  |x Политика  |2 stltpush  |3 (RuTPU)RU\TPU\subj\75382  |9 87195 
610 1 |a очерки 
610 1 |a репортажи 
610 1 |a история 
610 1 |a экономическое развитие 
610 1 |a борьба за независимость 
610 1 |a дружба 
610 1 |a культура 
610 1 |a искусство 
610 1 |a быт 
610 1 |a кулинария 
686 |a Ф2(5В)  |v LBC/SL-A  |2 rubbk 
702 1 |a Глазунов  |b Е. П.  |4 340 
801 1 |a RU  |b 63413507  |c 20150206 
801 2 |a RU  |b 63413507  |c 20170919  |g RCR 
942 |c BK